000 00470nam a22001817a 4500
003 BUBTL
008 140201b xxu||||| |||| 00| 0 eng d
082 _a530ABP
100 _9166
_aAbbott, A. F.
245 _aPhysics :
_cA. F. Abbott
250 _a5th ed.
260 _aLondon:
_bHeineman education,
_cc1989.
300 _axxii,600 p. :
_bill. ;
_c21 cm.
650 0 _9167
_aPhysics
856 _k0
_l0
_yDownload
942 _2ddc
_cBK
999 _c123
_d123